|
|
|
|
| LEADER |
00000nam0a2200000 4500 |
| 001 |
110879 |
| 005 |
20231031120610.0 |
| 035 |
|
|
|a (RuTPU)RU\TPU\book\119741
|
| 090 |
|
|
|a 110879
|
| 100 |
|
|
|a 20070302d1971 km y0rusy50 ca
|
| 101 |
0 |
|
|a rus
|
| 102 |
|
|
|a RU
|
| 105 |
|
|
|a a z 000zy
|
| 200 |
1 |
|
|a Западная Сибирь. Ресурсы. Проблемы. Перспективы
|f А. И. Ильичев, Р. М. Бурындин
|
| 210 |
|
|
|a Новосибирск
|c Западно-Сибирское книжное издательство
|d 1971
|
| 215 |
|
|
|a 341 с.
|c ил.
|
| 610 |
1 |
|
|a экономика
|
| 610 |
1 |
|
|a Западная Сибирь
|
| 610 |
1 |
|
|a природные ресурсы
|
| 610 |
1 |
|
|a водные ресурсы
|
| 610 |
1 |
|
|a нефть
|
| 610 |
1 |
|
|a минеральные ресурсы
|
| 610 |
1 |
|
|a газ
|
| 610 |
1 |
|
|a лесные ресурсы
|
| 610 |
1 |
|
|a районирование
|
| 675 |
|
|
|a 33С5(с18)
|v 3
|
| 700 |
|
1 |
|a Ильичев
|b А. И.
|g Александр Иванович
|
| 701 |
|
1 |
|a Бурындин
|b Р. М.
|g Роберт Михайлович
|
| 801 |
|
1 |
|a RU
|b 63413507
|c 20070302
|g PSBO
|
| 801 |
|
2 |
|a RU
|b 63413507
|c 20190326
|g PSBO
|
| 942 |
|
|
|c BK
|